Govt. of
Madhya Pradesh

Practical and Professional Ethics (Record no. 42874)

MARC details
000 -LEADER
fixed length control field 003610000a22001450004500
003 - CONTROL NUMBER IDENTIFIER
control field MACL
040 ## - CATALOGING SOURCE
Original cataloging agency MACL
090 ## - LOCALLY ASSIGNED LC-TYPE CALL NUMBER (OCLC); LOCAL CALL NUMBER (RLIN)
-- 43329
-- 43327
100 ## - MAIN ENTRY--PERSONAL NAME
Personal name Guha, Debashis
245 ## - TITLE STATEMENT
Title Practical and Professional Ethics
Remainder of title Vol 1 The Primer of Applied Ethics
260 ## - PUBLICATION, DISTRIBUTION, ETC. (IMPRINT)
Name of publisher, distributor, etc. Concept Publishing Company
Date of publication, distribution, etc. 2007
350 ## - PRICE (NR) (BK AM CF MU VM SE) [OBSOLETE]
Price 500
650 ## - SUBJECT ADDED ENTRY--TOPICAL TERM
Topical term or geographic name as entry element Ethics
942 ## - ADDED ENTRY ELEMENTS (KOHA)
Koha item type Library Membar
Call number prefix 170/GUH
Holdings
Withdrawn status Lost status Damaged status Not for loan Home library Current library Date acquired Total Checkouts Full call number Barcode Date last seen Uniform Resource Identifier Price effective from Koha item type
        MACL MACL 15/04/2015   170/GUH BOOK CRE24733 29/04/2015 43152 15/04/2015 Books